Normal view
MARC view
- Martínez Montero, Jaime
Entry Nombre Personal
001 - NUMERO DE CONTROL
- campo de control: 34571
003 - IDENTIFICADOR DE NUMERO DE CONTROL
- campo de control: UPN
005 - FECHA Y HORA DE LA ÜLTIMA TRANSACCIÓN
- campo de control: 20210219194454.0
008 - DATOS DE LONGITUD FIJA
- campo de control de longitud fija: nabaccnnaabn|||||||||| b |nc|||||d
035 ## - NUMERO DE CONTROL
- Número de control: UPN11000006678
040 ## - FUENTE DE CATALOGACIÓN
- Lenguaje de catalogación: SPA
- Agencia de transcripción: UPN
100 1# - ENCABEZAMIENTO - NOMBRE PERSONAL
- Nombre personal: Martínez Montero, Jaime
670 ## - FUENTE EN LA QUE SE LOCALIZARON DATOS
- Cita de la fuente: T
- Uniform Resource Identifier: http://m02lecar.wordpress.com/introduccion/jaime-martinez-montero/
680 ## - NOTA PUBLICA DE ACCESO PÚBLICO
- Frase explicativa de la referencia: Es Inspector de Educación desde 1977. Ha sido Profesor Asociado de la Facultad de Ciencias de la Educación de la Universidad de Cádiz. Es maestro y doctor en Filosofía y Ciencias de la Educación
902 ## - CATALOGADOR
- Catalogador: MCM/111213
